000 00679nam a2200229 a 4500
005 20160126145730.0
008 140312b2003 ck a gr|||| 00| 0 spa d
040 _aCO-BoIAVH
_cCO-BoIAVH
041 _aspa
044 _ack
082 4 _a363.61
_bU76n
100 1 _aUribe Gómez, Gloria Inés
245 1 _aNacimientos de agua
260 _aManizales
_bPACOFOR
_bCQR
_bCARDER
_bCARTOLIMA
_bCORPOCALDAS
_c2003
300 _a43 paginas.
_bilustraciones.;
_c27 x 21 cm.
650 4 _aManantiales
650 4 _aZonas forestales
650 4 _aMarco legal
650 4 _aEcologia
650 4 _aSelección de especies.
942 _cLIBRO
_2ddc
999 _c3699
_d3699